02226agaaa2200301 45000010005000000030009000050050017000140070009000310080040000400400023000801000051001031300021001542450153001752500022003282600119003503000031004695080086005005110092005865200708006785380016013866500067014027000063014697000065015327000059015979420012016569990019016689520237016879036IT-RoPAU20220918181249.0d cvaizq50131s9999||||xx ||| | || ||und|| aIT-RoPAUcIT-RoPAU aClair Rene'gCodice regista SPICS: 7985937039 aENTR'ACTE948235 aENTR'ACTEcProdotto da: De Mare' Rolf -- Sceneggiatura: Picabia Francis -- Diretto da: Clair Rene'pENTR'ACTE (Rif. Codice opera principale : 29036) aEdizione Standard a(FRANCIA)bSENZA EDITRICE O NON IDENTIFICATA / Distribuzione: RAIg"1924 (1° ed.: 1985 ; Ed. Lingua Orig.: 1924)" aVHSbmuto, b&wc310 minuti a"Fotografia: Berliet Jimmy; Musica: Satie Erik; Sceneggiatura: Picabia Francis; " a"Borlin Jean; Ray Man; Duchamp Marcel; Fries Inge; Satie Erik; Picabia Francis; Auric " aCORTOMETRAGGIO MUTO CHE SI RIDUCE A UNA SUCCESSIONE DI GAG VISIVE: UOMINI CHE SALTELLANO ATTORNO A UN CANNONE SUI TETTI DI PARIGI UN BARACCONE DI TIRO A SEGNO UNA BALLERINA BARBUTA GIOCATORI DI SCACCHI UN UOVO IN CIMA A UN GETTO D'ACQUA CONTROLLATO DA UN CACCIATORE COL CAPPELLO ALLA TIROLESE DOPO DI CHE SIAMO INVITATI A UN BURLESCO FUNERALE IL CARRO FUNEBRE E' TIRATO DA UN CAMMELLO LE CORONE SONO FATTE DI PANE IL CORTEO SI MUOVE AL RALLENTATORE MA POI IL RITMO ACCELERA E NE DERIVA UNA FOLLE CORSA CHE SI FERMA IN APERTACAMPAGNA QUANDO LA BARA CADE E SI ROMPE LIBERANDO UN ILLUSIONISTA IN SMOKING CHE CON LA BACCHETTA MAGICA FA SCOMPARIRE TUTTI QUANTI COMPRESO SE STESSO CINEMA AUTOMATICO INTERMEZZO aPAL, STEREO aCORTOMETRAGGIOeFILMS [VHS]xCodice MATERIA SPICS: 9960948236 aClair Rene' e(regista)gCodice regista SPICS: 7985937039 aClair Rene' e(soggetto)gCodice Soggetto SPICS: 7985948237 aSatie Erike(musica)gCodice Musica SPICS: 1590948238 cVH2ddc c106694d106694 001040629036_00000000000000071aSPICSbSPICSd2015-01-31l0o29036r2015-01-31 00:00:00w2015-01-31yVHzProgr. Ins.: 1743 / N.Vol.:1 / Copie: 1 / Pag.: / Copia rara: SI / date import: 1.2.2015 / By Epidotti, Trombetti, Vaglietti